000 00322nam a22001337a 4500
020 _a978-0-07-070497-8
082 _a510
_bDUB/T
100 _aMANOJ DUBEY
245 _aTARGET 2011 MATHEMATICS
_bFOR CLASS XII
260 _aDELHI
_bMcGRAW HILL EDUCATION
300 _a422
650 _aMATHS FOR CLASS XII
_zINDIA
942 _cBK
999 _c646
_d646